|
|
|
|
| LEADER |
01165nam a2200289 a 4500 |
| 001 |
GR-MES14959 |
| 008 |
051206s2006 njua 001 0 eng|c |
| 020 |
|
|
|a 0471776181
|
| 040 |
|
|
|a GrPaTEI
|b gre
|c GR-PaULI
|
| 082 |
|
0 |
|a 005.72
|2 21
|
| 100 |
1 |
|
|a Etheridge, Denise.
|
| 245 |
1 |
0 |
|a Master visually Dreamweaver 8 and Flash 8 /
|c by Denise Etheridge and Janet Valade.
|
| 246 |
3 |
0 |
|a Dreamweaver 8 and Flash 8
|
| 260 |
|
|
|a Hoboken, N.J. :
|b Wiley,
|c c2006.
|
| 300 |
|
|
|a 650 σ. :
|b εικ. ;
|c 23 εκ. +
|e + 1 CD-ROM (4 3/4 in.)
|
| 490 |
0 |
|
|a Visual read less, learn more
|
| 500 |
|
|
|a Περιλαμβάνει ευρετήριο.
|
| 630 |
0 |
0 |
|a Dreamweaver (Computer file)
|
| 630 |
0 |
0 |
|a Flash (Computer file)
|
| 650 |
|
0 |
|a Computer animation
|x Computer programs.
|
| 650 |
|
0 |
|a Web site development.
|
| 650 |
|
0 |
|a Web sites
|x Design.
|
| 700 |
1 |
|
|a Valade, Janet.
|
| 942 |
|
|
|2 ddc
|
| 952 |
|
|
|0 0
|1 0
|2 ddc
|4 0
|6 005_720000000000000_ETH
|7 0
|9 272812
|a MSLG
|b MSLG
|c BSC
|d 2021-01-17
|e 24
|f 0
|g 0.00
|l 0
|o 005.72 ETH
|p 2420000023703
|r 2021-01-17 00:00:00
|t 1
|w 2021-01-17
|y BK15
|x 20090318 0 ΤΣΑΝΤΑΡΛΙΩΤΗ 1
|x GrPaTEI
|
| 971 |
|
|
|a .b2581008x
|b 15-04-20
|c 13-09-16
|
| 999 |
|
|
|c 157855
|d 157855
|